Statistics for Bob Dylan Songs by Synonyms

Click here to take the quiz!

General Stats

  • This quiz has been taken 357 times
  • The average score is 12 of 17

Answer Stats

SynonymsSong% Correct
Driftin' in the BreezeBlowin' in the Wind
96%
Eternally YouthfulForever Young
94%
Similar to a Tumbling RockLike a Rolling Stone
92%
CycloneHurricane
90%
Exactly Similar to a FemaleJust Like a Woman
84%
Twisted Up in AzureTangled Up in Blue
78%
The Zeitgeist is EvolvingThe Times They Are a-Changin'
75%
Rappin' at the Threshold of ParadiseKnockin' on Heaven's Door
69%
Refuge from the TempestShelter From the Storm
67%
Recline, WomanLay Lady Lay
65%
From One End of the Lookout to the OtherAll Along the Watchtower
62%
Sir Hand PercussionMr. Tambourine Man
60%
It's OK, Mom (I'm Just Hemorrhaging)It's Alright Ma (I'm Only Bleeding)
57%
A Heavy Shower Will Come DownA Hard Rain's a-Gonna Fall
56%
Underground Nostalgic DepressionSubterranean Homesick Blues
55%
Refrain From Pondering it Again It's FineDon't Think Twice It's Alright
53%
Song of a Slim FellowBallad of a Thin Man
49%

Score Distribution

Percentile by Number Answered

Percent of People with Each Score

Your Score History

You have not taken this quiz